| 000 | 00847nam a22002177a 4500 | ||
|---|---|---|---|
| 999 |
_c12458 _d12458 |
||
| 003 | AR-CdUCM | ||
| 008 | 190408b ||||| |||| 00| 0 spa d | ||
| 020 | _a978-9972-699-51-1 | ||
| 040 |
_aMUNICIPALIDAD PROVINCIAL DEL CUSCO _cBIBLIOTECA MUNICIPAL DEL CUSCO |
||
| 082 |
_aC / 929.9209 / _bM96 |
||
| 100 |
_aMuñiz Caparó, Julio Gilberto _924555 |
||
| 245 |
_aLa bandera del Cusco : _btestimonio y deslinde / |
||
| 260 |
_aLima : _bEditorial horizonte, _c2008. |
||
| 300 |
_a176 páginas ; _bFotografías, Ilustraciones, _c20 cm. |
||
| 505 | _aContenido: Testimonio -- Un grupo humano solidario -- Un escenario difícil -- Frente a frente con Cisneros Vizquerra -- Guerra con los empresarios... | ||
| 650 |
_aBanderas _911318 |
||
| 650 |
_aEmblemas _930310 |
||
| 650 |
_aPatrimonio _95523 |
||
| 942 |
_2ddc _cLIBROS |
||
| 945 |
_adavv _d08/04/2019 |
||